000 00498nam a22001812 4500
001 0000001530
005 20170406113517.0
008 140116s xx 000 0 eng d
020 _c$
040 _aYour Holding Symbol
_cYour Holding Symbol
100 1 _aMalherbe,PAUL.
245 1 0 _aPeaceful change in south africa.
250 _a ed.
260 _acape town :
_bpaul malherbe,
_c1986.
300 _a61 p. ;
_c cm.
650 0 _apeace in south africa.
908 _a140116
999 _c1442
_d1442